| 000 | 00626nam a2200193Ia 4500 | ||
|---|---|---|---|
| 003 | LDD | ||
| 008 | 190117s9999 xx 000 0 und d | ||
| 020 |
_a9788177212303 _c₹200 |
||
| 040 | _cLDD | ||
| 041 | _ahi | ||
| 082 | _a8H3.7 शु1166अ | ||
| 100 | _aशुक्ल,रामदेव | ||
| 245 | 0 |
_aअपहरण _cरामदेव शुक्ल |
|
| 260 |
_aदिल्ली _bसत्साहित्य प्रकाशन _c2014 |
||
| 300 | _a159p. | ||
| 901 | _aKGP | ||
| 904 | _aReqst by : Jitendra kumar srivasta | ||
| 942 |
_2ddc _cH |
||
| 999 |
_c172006 _d172006 |
||